Válogatott versek /

Main Author: Koyš, Pavel, 1932-1993
Other Authors: Dudás, Kálmán, Rácz, Olivér, 1918-1997
Language: Hungarian
Published: Bratislava : Madách, 1980
Edition: 1., magyar kiad.
Physical Description: 171 s.
Book
Saved in:
LEADER 00864nam a2200265 a 4500
001 000475499
003 CZ BrMZK
005 20080611134937.0
007 ta
008 000105s1980 xo e hun d
040 |a BOA001  |b cze 
041 1 |a hun  |h slo 
080 9 |a 885.4-1(081)=945.11 
100 1 |a Koyš, Pavel,  |d 1932-1993  |7 jn20000728322  |4 aut 
245 1 0 |a Válogatott versek /  |c Pavel Koyš ; válogatta Rácz Olivér ; fordít. Dudás Kálmán,... [et al.] 
250 |a 1., magyar kiad. 
260 |a Bratislava :  |b Madách,  |c 1980 
300 |a 171 s. 
500 |a Přeloženo ze slovenštiny 
700 1 |a Dudás, Kálmán  |4 trl 
700 1 |a Rácz, Olivér,  |d 1918-1997  |7 jn19990210521  |4 com 
910 |a BOA001  |b 3-0829.921 
990 |a BK 
991 |b 200806 
996 7 |b 2619115373  |c 3-0829.921  |l MZK  |r Sklad / do 1 hodiny  |n 0  |w 000475499  |u 000010  |a 1  |e BOA001  |j MZK50  |s A